| 000 | 00551nam a22001817a 4500 | ||
|---|---|---|---|
| 005 | 20251108164911.0 | ||
| 008 | 250721s9999 xx 000 0 ara d | ||
| 082 | 1 | 4 | _a646.72/سام |
| 100 | 1 | _aمحمود، سامي | |
| 245 | 1 | 0 | _aنصائح طبية للعناية بالشعر / |
| 264 | 1 |
_aالقاهره : _bالمركز العربي للنشر و التوزيع، _c[19-]. |
|
| 300 | _a41ص | ||
| 650 | 1 | 7 | _aالمظهر الشخصي |
| 650 | 1 | 7 | _aالشعر (حيوان) |
| 650 | 1 | 7 | _aالتجميل |
| 942 |
_2ddc _cBK |
||
| 999 |
_c17003 _d17003 |
||